000 nam a22 7a 4500
999 _c45349
_d45349
003 OSt
005 20190404113825.0
008 190404b xxu||||| |||| 00| 0 eng d
040 _cIIMT UNIVERSITY
100 _aKANDA ARUN
245 _aPROJECT MANAGEMENT
260 _aNEW DELHI
_bPHI LEARNING PVT.LTD.
_c2011
300 _a223
942 _2ddc
_c09